Advanced lectures in qualitative economic

محفوظ في:
التفاصيل البيبلوغرافية
مؤلفون آخرون: Ploeg, Frederick Van der ( editor)
التنسيق: كتاب
منشور في: London : Academic press; 1990.
الموضوعات:
الوسوم: إضافة وسم
لا توجد وسوم, كن أول من يضع وسما على هذه التسجيلة!

MARC

LEADER 00000nam a2200000 4500
020 |a 0127117032  |c NA 
040 |a MUL  |b eng.  |e AACR 
082 |a 339 ADV 
245 |a Advanced lectures in qualitative economic  |c / edited by Fredrick Van der Ploeg 
260 |a London :  |b Academic press;  |c 1990. 
300 |a xiii, 628 p. :  |b ill. ;  |c 24 cm. 
504 |a Includes references and index. 
546 |a eng. 
650 |a Macroeconomics 
700 |a Ploeg, Frederick Van der  |c ( editor) 
942 |c BK 
999 |c 9766  |d 9766